000 01176nam a2200337 c 4500
001 810039974
003 DE-101
005 20210714145643.0
007 tu
008 801112s1980 gw ||||| |||| 00||||ger
015 _a81,A03,0176
_2dnb
016 7 _2DE-101
_a810039974
020 _a9783404650286
_9978-3-404-65028-6
020 _a340465028X
_93-404-65028-X
035 _a(DE-599)DNB810039974
035 _a(OCoLC)551179046
040 _a1200
_bger
_cDE-101
041 _ager
_heng
100 1 _0(DE-588)114558733X
_0https://d-nb.info/gnd/114558733X
_0(DE-101)114558733X
_aMessenger, Charles
_d1941-
_eVerfasser
_4aut
240 0 4 _aThe art of blitzkrieg
245 1 0 _aBlitzkrieg
_cCharles Messenger. Aus d. Engl. von Hansheinz Werner
264 1 _aBergisch Gladbach
_bBastei Lübbe
_c1980
300 _a420 Seiten
_bzahlreichen Abbildungen
_c18 cm
336 _aText
_btxt
_2rdacontent
337 _aohne Hilfsmittel zu benutzen
_bn
_2rdamedia
338 _aBand
_bnc
_2rdacarrier
490 0 _aBastei Lübbe Taschenbuch
_v65028 : Zeitgeschichte
650 7 _aWeltkrieg II
_2local
650 7 _aBlitzkrieg
_2local
942 _2z
_cMG
999 _c57105
_d57105